[Event "Coupe Niveau 3"]
[Site "www.echecsemail.com"]
[Date "2026.01.02"]
[Round "1"]
[White "Elghribi"]
[Black "Patau"]
[WhiteElo "1900"]
[BlackElo "1680"]
[Result "1-0"]
1.e4 e5
2.Ng1f3 Nb8c6
3.Bf1b5 d6
4.O-O Bc8d7
5.c3 a6
6.Bb5a4 b5
7.Ba4c2 Bd7g4
8.d3 Ng8f6
9.Nb1d2 Bf8e7
10.Rf1e1 O-O
11.h3 Bg4h5
12.Nd2f1 h6
13.Nf1g3 Bh5g6
14.Nf3h4 d5
15.Nh4xg6 fxg6
16.exd5 Qd8xd5
17.Bc2b3 Ra8d8
18.Bb3xd5 Nf6xd5
19.Ng3e4 Nd5f4
20.Bc1xf4 exf4
21.f3 Nc6e5
22.Qd1b3 Kh8
23.Qb3c2 Ne5xd3
24.Re1d1 Nd3e5
25.Rd1xd8 Rf8xd8
26.Ra1d1 Rd8xd1
27.Qc2xd1 Ne5c4
28.b3 Nc4e3
29.Qd1d7 { abandon }1-0

[Event "ON THE ROAD AGAIN"]
[Site "www.echecsemail.com"]
[Date "2026.01.02"]
[Round "1"]
[White "Legrillon"]
[Black "Petitlulu64"]
[WhiteElo "1700"]
[BlackElo "1750"]
[Result "0-1"]
1.e4 e5
2.Ng1f3 Ng8f6
3.Bf1c4 Bf8c5
4.Nf3xe5 O-O
5.d3 d6
6.Ne5f3 Nf6g4
7.Bc1e3 Ng4xe3
8.fxe3 Bc5xe3
9.Qd1e2 Be3h6
10.h3 Nb8c6
11.Bc4d5 Nc6e5
12.Nb1d2 c6
13.Bd5b3 Bc8e6
14.Bb3xe6 Ne5xf3
15.Nd2xf3 fxe6
16.O-O Qd8b6
17.Kh1 Ra8b8
18.c4 e5
19.a3 Qb6c7
20.b4 Rf8f4
21.d4 Qc7f7
22.g3 Rf4f6
23.dxe5 dxe5
24.Nf3xe5 Qf7e6
25.Ne5g4 Rf6xf1
26.Ra1xf1 Bh6g5
27.Rf1f5 Rb8e8
28.Ng4f2 Bg5f6
29.Qe2d3 g6
30.Rf5f4 Re8d8
31.Qd3e2 Bf6e5
32.Rf4f3 Rd8d4
33.c5 Qe6d7
34.Nf2d3 Be5g7
35.Kg2 Qd7e7
36.Rf3e3 Bg7h6
37.Re3f3 Rd4xe4
38.Qe2f1 Re4e2
39.Nd3f2 Qe7e4
{ abandon }0-1

[Event "Tournoi n26978"]
[Site "www.echecsemail.com"]
[Date "2026.01.02"]
[Round "1"]
[White "Sorim"]
[Black "Morphy6"]
[WhiteElo "1940"]
[BlackElo "2000"]
[Result "0-1"]
1.e4 c5
2.Ng1f3 e6
3.d4 cxd4
4.Nf3xd4 a6
5.Bf1d3 Nb8c6
6.Nd4b3 Ng8f6
7.O-O Bf8e7
8.Nb1c3 Qd8c7
9.h3 O-O
10.f4 d6
11.Kh1 Rf8d8
12.Qd1f3 Be7f8
13.f5 exf5
14.exf5 Nc6e5
15.Qf3g3 Ne5xd3
16.Qg3xd3 d5
17.Nb3d4 Qc7c4
18.Bc1g5 Qc4xd3
19.cxd3 Rd8d6
20.Ra1e1 Bc8d7
21.Re1e2 Rd6b6
22.Rf1f2 Nf6h5
23.Bg5h4 Bf8c5
24.Nc3xd5 Rb6d6
25.Bh4e7 Rd6xd5
26.Be7xc5 Nh5g3
27.Kg1 Ng3xe2
28.Rf2xe2 Rd5xc5
29.g4 Ra8e8
30.Re2d2 Rc5d5
31.Nd4b3 Re8e3
32.Kg2 Rd5xd3
33.Rd2xd3 Re3xd3
34.Nb3c5 Bd7c6
{ abandon }0-1

[Event "Memorial Lara CIII"]
[Site "www.echecsemail.com"]
[Date "2026.01.03"]
[Round "1"]
[White "Emmanuel"]
[Black "Leredoutable"]
[WhiteElo "1940"]
[BlackElo "1760"]
[Result "1-0"]
1.b3 c5
2.Bc1b2 Nb8c6
3.e3 d5
4.Bf1b5 Qd8b6
5.Bb5xc6 bxc6
6.f4 Bc8f5
7.Ng1f3 Ng8f6
8.Nf3e5 e6
9.O-O Bf8e7
10.Qd1e1 O-O
11.Rf1f3 Bf5xc2
12.Rf3h3 Bc2f5
13.g4 Bf5xb1
14.Ra1xb1 d4
15.g5 Nf6e4
16.Qe1h4 h6
17.Qh4h5 f6
18.gxh6 fxe5
19.hxg7 Kxg7
20.Qh5h7 Kf6
21.Rh3h6 1-0

[Event "Tournoi n27091"]
[Site "www.echecsemail.com"]
[Date "2026.01.03"]
[Round "1"]
[White "Bowandarrow"]
[Black "Raoni"]
[WhiteElo "2730"]
[BlackElo "2720"]
[Result "1/2-1/2"]
1.e4 e5
2.Ng1f3 Nb8c6
3.Bf1b5 Ng8f6
4.O-O Nf6xe4
5.Rf1e1 Ne4d6
6.Nf3xe5 Bf8e7
7.Bb5f1 Nc6xe5
8.Re1xe5 O-O
9.d4 Be7f6
10.Re5e1 Rf8e8
11.c3 Re8xe1
12.Qd1xe1 Nd6e8
13.d5 d6
14.Qe1e4 Bc8d7
15.Nb1d2 Bf6g5
16.Bf1d3 Ne8f6
17.Qe4d4 Qd8e7
18.Nd2f3 Bg5xc1
19.Ra1xc1 Qe7f8
20.h3 a6
21.Rc1d1 h6
22.b3 Ra8b8
23.a4 a5
24.Nf3d2 b6
25.Qd4c4 Qf8d8
26.Rd1e1 b5
27.axb5 Bd7xb5
28.Qc4d4 Bb5xd3
29.Qd4xd3 Qd8d7
30.Re1a1 Qd7e8
31.Kf1 Rb8a8
32.Qd3d4 { nul }1/2-1/2

[Event "Eq:au plaisir du jeux -LES CHATTERBOX :"]
[Site "www.echecsemail.com"]
[Date "2026.01.03"]
[Round "1"]
[White "Pitouwb"]
[Black "Marathonman"]
[WhiteElo "1700"]
[BlackElo "2040"]
[Result "0-1"]
1.d4 d5
2.c4 h6
3.cxd5 Qd8xd5
4.Nb1c3 Qd5d8
5.d5 a6
6.e4 e6
7.Ng1f3 Bf8d6
8.e5 Bd6c5
9.Bf1c4 exd5
10.Bc4xd5 Ng8e7
11.Bd5b3 Nb8c6
12.O-O b5
 { temps }0-1

[Event "Défi"]
[Site "www.echecsemail.com"]
[Date "2026.01.03"]
[Round "1"]
[White "Epervier14"]
[Black "Kerenor"]
[WhiteElo "1210"]
[BlackElo "1590"]
[Result "0-1"]
1.d4 d5
2.Ng1f3 Ng8f6
3.Nb1c3 h6
4.e3 a6
5.Bf1d3 Bc8g4
6.O-O e6
7.h3 Bg4h5
8.g4 Bh5g6
9.Bd3xg6 fxg6
10.b3 Nb8c6
11.Bc1b2 g5
12.Nc3e2 Qd8e7
13.Nf3e5 Nc6xe5
14.dxe5 Nf6e4
15.Ne2c3 h5
16.gxh5 Qe7f7
17.Qd1e2 Ne4c5
18.f4 Qf7f5
19.Kg2 O-O-O
20.fxg5 Qf5xg5
21.Kh2 Qg5xe5
 { temps }0-1

[Event "Coupe Niveau 3"]
[Site "www.echecsemail.com"]
[Date "2026.01.03"]
[Round "1"]
[White "Senegaulois"]
[Black "Tartu"]
[WhiteElo "1900"]
[BlackElo "1690"]
[Result "0-1"]
1.e4 c5
2.Ng1f3 Nb8c6
3.Bf1c4 Ng8f6
4.Nb1c3 e6
5.a3 Bf8e7
6.d3 O-O
7.O-O a6
8.Bc4a2 b5
9.Nc3e2 h6
10.h3 d5
11.Ne2g3 dxe4
12.dxe4 c4
13.Bc1d2 Bc8b7
14.Ra1c1 Rf8e8
15.c3 e5
16.Ba2b1 Bb7c8
17.Qd1e2 Be7d6
18.Rf1d1 Qd8e7
19.Ng3f5 Qe7c7
20.Nf5xd6 Qc7xd6
21.Bd2xh6 Qd6f8
 { temps }0-1

[Event "Eq:Les Gens du Sud-LES CHATTERBOX :"]
[Site "www.echecsemail.com"]
[Date "2026.01.03"]
[Round "1"]
[White "Emmanuel69"]
[Black "Pitouwb"]
[WhiteElo "1780"]
[BlackElo "1710"]
[Result "1-0"]
1.c4 e5
2.Nb1c3 Ng8f6
3.a3 c6
4.d3 d5
5.cxd5 cxd5
6.g3 d4
7.Nc3e4 Nf6xe4
8.dxe4 Qd8b6
9.Ng1f3 Qb6a5
10.Qd1d2 Nb8c6
11.Bf1g2 Bc8g4
12.O-O h6
13.b3 Qa5b6
14.Qd2d3 Bf8e7
15.h3 Bg4e6
16.b4 O-O
17.Bc1d2 f5
18.Rf1c1 Ra8d8
19.Nf3e1 f4
20.gxf4 exf4
21.Bd2xf4 Rf8xf4
22.f3  { temps }1-0

[Event "Défi"]
[Site "www.echecsemail.com"]
[Date "2026.01.03"]
[Round "1"]
[White "Petitlulu64"]
[Black "Fr7d"]
[WhiteElo "1740"]
[BlackElo "1640"]
[Result "1-0"]
1.d4 d5
2.Nb1c3 Ng8f6
3.Bc1g5 h6
4.Bg5h4 Nb8c6
5.Bh4xf6 exf6
6.Ng1f3 g5
7.e3 Bc8g4
8.Bf1e2 Qd8d6
9.Nc3b5 Qd6d7
10.h3 Bg4xf3
11.Be2xf3 a6
12.Nb5c3 Bf8g7
13.O-O Nc6e7
14.e4 f5
15.e5 O-O
16.Bf3h5 f6
17.Qd1f3 fxe5
18.dxe5 Bg7xe5
19.Ra1d1 d4
20.Nc3e2 c5
21.Qf3b3 Kh7
22.Qb3b6 Ra8c8
23.Ne2g3 Rf8g8
24.c3 f4
25.Ng3e4 Rc8c6
26.Qb6b3 c4
27.Qb3b4 d3
28.Bh5g4 Ne7f5
29.Qb4a5 Rg8e8
30.Rf1e1 Qd7f7
31.Ne4d2 Be5c7
32.Qa5xf5 Qf7xf5
33.Bg4xf5 Kg7
34.Re1xe8 Kf6
35.Bf5e4 Rc6c5
36.Re8f8 Ke7
37.Rf8f5 Rc5xf5
38.Be4xf5 b5
39.Nd2f3 a5
40.Nf3d4 a4
41.Nd4xb5 Bc7b6
42.Nb5d4 Kf6
43.Bf5g4 f3
44.Nd4xf3 Kg6
45.Nf3e5 Kf6
46.Ne5xc4 Bb6c5
47.Rd1xd3 Bc5e7
48.Rd3f3 Kg6
49.Nc4e5 Kg7
50.Rf3f7 Kg8
51.Rf7xe7 h5
52.Bg4xh5 g4
53.hxg4 Kf8
54.Re7f7 Ke8
55.g5 a3
56.bxa3 Kd8
57.g6 Ke8
58.g7 Kd8
59.g8Q 1-0

[Event "Défi( 10J+24H/c 10J Max )"]
[Site "www.echecsemail.com"]
[Date "2026.01.03"]
[Round "1"]
[White "Minon"]
[Black "Poison"]
[WhiteElo "1940"]
[BlackElo "1100"]
[Result "1-0"]
1.e4 e5
2.Ng1f3 Ng8f6
3.Nb1c3 Nb8c6
4.Bf1c4 Bf8c5
5.Nf3g5 O-O
6.Bc4xf7 Rf8xf7
7.Ng5xf7 Kxf7
8.O-O Bc5d4
9.d3 Bd4xc3
10.bxc3 d6
11.Bc1g5 h6
12.Bg5xf6 Qd8xf6
13.Qd1h5 Ke7
14.f3 Nc6a5
15.g4 Qf6e6
16.h3 d5
17.f4 dxe4
18.f5 Qe6d6
19.dxe4 Qd6d2
20.Qh5g6 Qd2xc2
21.Qg6xg7 Kd6
22.Qg7f6 Kc5
23.Qf6xe5 Kc4
24.Qe5d4 Kb5
25.Ra1b1 Kc6
26.Qd4d5 1-0

[Event "Eq:au plaisir du jeux -LES CHATTERBOX :"]
[Site "www.echecsemail.com"]
[Date "2026.01.03"]
[Round "1"]
[White "Marathonman"]
[Black "Pitouwb"]
[WhiteElo "2040"]
[BlackElo "1700"]
[Result "1-0"]
1.e4 d5
2.exd5 Qd8xd5
3.Nb1c3 Qd5a5
4.Ng1f3 Ng8f6
5.h3 Bc8f5
6.Bf1c4 c6
7.d3 e6
8.O-O h6
9.a3 Nb8d7
10.Bc1f4 Qa5b6
11.b4 Bf8e7
12.Nc3a4 Qb6d8
13.Rf1e1  { temps }1-0

[Event "Coupe Niveau 3"]
[Site "www.echecsemail.com"]
[Date "2026.01.03"]
[Round "1"]
[White "Elghribi"]
[Black "Senegaulois"]
[WhiteElo "1980"]
[BlackElo "1900"]
[Result "1-0"]
1.e4 g6
2.d4 Bf8g7
3.Ng1f3 d6
4.Bc1e3 Bc8d7
5.Bf1d3 Ng8f6
6.h3 O-O
7.O-O a5
8.Rf1e1 Nb8a6
9.c3 b5
10.Nb1d2 c5
11.Ra1c1 c4
12.Bd3b1 Ra8c8
13.Nd2f1 Bd7c6
14.d5 Bc6a8
15.Nf3d4 Qd8d7
16.f3 e5
17.Nd4e2 h6
18.f4 b4
19.Ne2g3 exf4
20.Be3xf4 Rf8e8
21.Qd1d2 bxc3
22.bxc3 Kh7
23.Nf1h2 Na6c5
24.Rc1d1 Nf6g8
25.Nh2f3 Nc5d3
26.Bb1xd3 cxd3
27.Rd1c1  { temps }1-0

[Event "Memorial Lara CIII"]
[Site "www.echecsemail.com"]
[Date "2026.01.03"]
[Round "1"]
[White "Orosco"]
[Black "Bertelsen"]
[WhiteElo "2270"]
[BlackElo "1730"]
[Result "1-0"]
1.e4 e5
2.Ng1f3 d6
3.d4 exd4
4.Nf3xd4 c6
5.Bf1d3 Bf8e7
6.O-O Ng8f6
7.Nb1c3 h6
8.Bc1f4 Bc8g4
9.Bd3e2 Nb8d7
10.Be2xg4 Nf6xg4
11.Qd1xg4 g6
12.Rf1d1 Nd7f6
13.Qg4e2 Qd8c7
14.e5 Nf6h5
15.exd6 Nh5xf4
16.Qe2e5 f6
17.Qe5xf4 Qc7xd6
18.Qf4xd6 Be7xd6
19.Nd4xc6 Bd6xh2
20.Kxh2 bxc6
21.Rd1d6 Ra8c8
22.Ra1e1 Kf7
23.Rd6d7 Kf8
24.Re1e6 Rh8g8
25.Re6xf6 Ke8
26.Rf6f7 a5
27.Rd7e7 Kd8
28.Re7d7 Ke8
29.Nc3e4 { abandon }1-0

[Event "Défi"]
[Site "www.echecsemail.com"]
[Date "2026.01.03"]
[Round "1"]
[White "Majula"]
[Black "Kawa750"]
[WhiteElo "1560"]
[BlackElo "1790"]
[Result "1-0"]
1.d4 e6
2.e4 c5
3.Ng1f3 cxd4
4.Qd1xd4 Nb8c6
5.Qd4e3 Bf8b4
6.Bc1d2 Ng8e7
7.g4 Bb4xd2
8.Nb1xd2 O-O
9.a3 Ne7g6
10.O-O-O f5
11.h4 f4
12.Qe3c3  { temps }1-0

[Event "Défi"]
[Site "www.echecsemail.com"]
[Date "2026.01.03"]
[Round "1"]
[White "Cloclo"]
[Black "Chomi64"]
[WhiteElo "1820"]
[BlackElo "1800"]
[Result "1-0"]
1.c4 e5
2.g3 Nb8c6
3.Nb1c3 f5
4.Bf1g2 Ng8f6
5.e3 Bf8c5
6.Ng1f3 d6
7.d4 exd4
8.Nf3xd4 Bc8d7
9.O-O O-O
10.a3 Ra8b8
11.b4 Bc5b6
12.Nd4b3 a6
13.Bc1b2 Nc6e5
14.Nc3d5 Bb6a7
15.Nb3a5 c6
16.Nd5xf6 gxf6
17.Qd1xd6 Rf8e8
18.Rf1d1 Re8e6
19.Qd6xe6 Bd7xe6
20.Rd1xd8 Rb8xd8
21.Na5xb7 Rd8d2
22.Bb2xe5 fxe5
23.c5 Be6d5
24.Bg2xd5 Rd2xd5
25.Nb7d6 e4
26.Kf1 Ba7b8
27.Nd6c4 Rd5d3
28.Ke2 Bb8c7
29.Ra1d1 Rd3xd1
30.Kxd1 Kf7
31.Kd2 Ke6
32.Kc3 Kd5
33.Nc4b6 Ke5
34.Kc4 h6
35.a4 Ke6
36.b5 axb5
37.axb5 cxb5
38.Kxb5 { abandon }1-0

[Event "Défi"]
[Site "www.echecsemail.com"]
[Date "2026.01.03"]
[Round "1"]
[White "Superman"]
[Black "Kaspy"]
[WhiteElo "1790"]
[BlackElo "1840"]
[Result "1-0"]
1.e4 e5
2.Ng1f3 Nb8c6
3.Bf1b5 d6
4.O-O Bc8d7
5.c3 a6
6.Bb5a4 Ng8f6
7.Rf1e1 Bf8e7
8.d4 exd4
9.cxd4 O-O
10.Nb1c3 b5
11.Ba4c2 Bd7g4
12.h3 Bg4h5
13.Bc1f4 h6
14.Qd1d3  { temps }1-0

[Event "Tournoi n27332"]
[Site "www.echecsemail.com"]
[Date "2026.01.03"]
[Round "1"]
[White "Kaspalex"]
[Black "Albescab"]
[WhiteElo "1910"]
[BlackElo "1670"]
[Result "1-0"]
1.e4 e5
2.Ng1f3 d6
3.d4 exd4
4.Nf3xd4 Ng8f6
5.Nb1c3 Bc8d7
6.Bc1f4 Bf8e7
7.Bf1e2 O-O
8.Qd1d2 Nb8c6
9.f3 Nf6h5
10.Bf4e3 Nc6e5
11.f4 Ne5g4
12.g3 c5
13.Nd4f5 Bd7c6
14.Be2xg4 Nh5f6
15.Bg4f3 b5
16.Qd2e2 b4
17.Nc3d5 Bc6xd5
18.exd5 Rf8e8
19.Nf5xe7 Re8xe7
20.Kf2 Qd8a5
21.Qe2d3 Ra8e8
22.Rh1e1 Qa5b6
23.Qd3c4 a5
24.Be3d2 a4
25.Re1xe7 Re8xe7
26.Ra1e1 Re7c7
27.Qc4e2 Rc7c8
28.Qe2c4 h6
29.Kg2 Qb6b7
30.g4 Nf6h7
31.h4 Nh7f8
32.f5 Nf8d7
33.g5 Nd7e5
34.Qc4f4 hxg5
35.hxg5 Kf8
36.Re1xe5 dxe5
37.Qf4xe5 Rc8e8
38.Qe5d6 Kg8
39.Qd6xc5 Re8c8
40.Qc5xb4 Qb7xb4
41.Bd2xb4 Rc8xc2
42.Kg3 Rc2xb2
43.a3 Rb2b3
44.d6 Rb3d3
45.Kf4 Kf8
46.Bf3c6 Rd3d4
47.Ke5 Rd4c4
48.d7 Kg8
49.d8Q Kh7
50.g6 fxg6
51.fxg6 Kxg6
52.Bc6e4 Rc4xe4
53.Kxe4 Kh7
54.Qd8d7 { abandon }1-0

[Event "Marmotte chess  3"]
[Site "www.echecsemail.com"]
[Date "2026.01.03"]
[Round "1"]
[White "Marmotte"]
[Black "Daimyo"]
[WhiteElo "1500"]
[BlackElo "1390"]
[Result "1-0"]
1.e4 e5
2.Bf1c4 Ng8f6
3.d3 h6
4.a3 Nb8c6
5.Ng1f3 Bf8c5
6.Bc1e3 Bc5xe3
7.fxe3 O-O
8.Bc4a2 d6
9.O-O Bc8g4
10.Qd1e1 Qd8d7
11.Nb1c3 Nf6h7
12.Nc3d5 Bg4e6
13.Qe1g3 Kh8
14.Nf3h4 Be6xd5
15.Ba2xd5 Rf8g8
16.Rf1xf7 Qd7e8
17.Nh4g6 1-0

[Event "Eq:Avalon-modesty :"]
[Site "www.echecsemail.com"]
[Date "2026.01.03"]
[Round "1"]
[White "Dedechecs"]
[Black "Panchoa"]
[WhiteElo "2210"]
[BlackElo "1640"]
[Result "1-0"]
1.e4 e5
2.Ng1f3 Nb8c6
3.Bf1c4 Ng8f6
4.d4 exd4
5.e5 Nf6e4
6.O-O Bf8c5
7.Rf1e1 d5
8.exd6 Qd8xd6
9.Re1xe4 Nc6e7
10.Bc1f4 Qd6g6
11.Qd1e2 O-O
12.Re4xe7 Bc5xe7
13.Qe2xe7 Qg6xc2
14.Nb1d2 Qc2xb2
15.Ra1e1 Bc8g4
16.Nf3e5 Bg4e6
17.Bc4xe6 fxe6
18.Qe7xe6 Kh8
19.Ne5f7 Rf8xf7
20.Qe6xf7 Ra8g8
21.Bf4e5 Qb2xd2
22.Be5xg7 { abandon }1-0

[Event "Coupe Niveau 8"]
[Site "www.echecsemail.com"]
[Date "2026.01.03"]
[Round "1"]
[White "Sumax"]
[Black "Guig47"]
[WhiteElo "2470"]
[BlackElo "2230"]
[Result "1-0"]
1.e4 e5
2.Ng1f3 Nb8c6
3.d4 exd4
4.Nf3xd4 Ng8f6
5.Nd4xc6 bxc6
6.Bf1d3 d6
7.O-O Bf8e7
8.b3 O-O
9.Bc1b2 d5
10.exd5 cxd5
11.h3 Bc8b7
12.Nb1d2 Be7d6
13.Rf1e1 c5
14.Qd1f3 Bd6e7
15.c4 Ra8b8
16.cxd5 Bb7xd5
17.Qf3e2 Rf8e8
18.Bd3b5 Nf6d7
19.Qe2g4 Nd7f6
20.Bb2xf6 Be7xf6
21.Re1xe8 Qd8xe8
22.Bb5xe8 Bf6xa1
23.Be8a4 Bd5e6
24.Qg4f4 Rb8d8
25.Qf4c7 Ba1f6
26.Nd2e4 Rd8c8
27.Ne4xf6 gxf6
28.Qc7xa7 { abandon }1-0

[Event "Défi"]
[Site "www.echecsemail.com"]
[Date "2026.01.03"]
[Round "1"]
[White "Alain34"]
[Black "Khamis"]
[WhiteElo "2120"]
[BlackElo "1880"]
[Result "1/2-1/2"]
1.e4 c5
2.c3 Nb8c6
3.d4 cxd4
4.cxd4 e6
5.Ng1f3 Bf8b4
6.Nb1c3 d6
7.Bf1d3 h6
8.O-O Ng8f6
9.h3 Bb4a5
10.e5 dxe5
11.dxe5 Nf6d7
12.Bc1f4 a6
13.Nc3e4 O-O
14.Ra1c1 Nc6b4
15.Bd3b1 Ba5c7
16.Ne4d6 Bc7xd6
17.Qd1xd6 Nb4d5
18.Bf4g3 Qd8e7
19.Qd6xe7 Nd5xe7
20.Rf1d1 b5
21.Bb1e4 Ra8b8
22.Rc1c7 Rf8d8
23.Nf3d4 Kf8
24.Bg3h4 g5
25.Bh4g3 Nd7b6
26.Be4c2 Nb6d5
27.Rc7c5 Bc8b7
28.Bc2b3 Rb8c8
29.Rc5xc8 Rd8xc8
30.Kf1 Ne7c6
31.Bb3xd5 exd5
32.Nd4f5 h5
33.Nf5d6 Rc8b8
34.Nd6xb7 Rb8xb7
35.Rd1xd5 Nc6b4
36.Rd5d6 Nb4xa2
37.Rd6xa6 Na2b4
38.Ra6d6 Rb7c7
39.Rd6d2 Rc7c1
40.Ke2 Rc1c4
41.Ke3 Nb4c2
42.Ke2 Nc2d4
43.Kd1 Nd4b3
44.Rd2c2 Rc4d4
45.Ke2 Kg7
46.Ke3 h4
47.Bg3h2 Rd4d7
48.Rc2c3 Nb3a5
49.b3 b4
50.Rc3d3 Rd7xd3
51.Kxd3 Na5xb3
52.Kc4 Nb3d2
53.Kxb4 Nd2e4
54.Bh2g1 Kg6
55.Kc4 Kf5
56.Kd4 Kf4
57.f3 Ne4g3
58.Bg1e3 Kf5
59.Kd5 Ng3h5
60.Kd4 Nh5g3
61.Kd5 { nul }1/2-1/2

[Event "Défi"]
[Site "www.echecsemail.com"]
[Date "2026.01.03"]
[Round "1"]
[White "Chomi64"]
[Black "Kaby771"]
[WhiteElo "1770"]
[BlackElo "1800"]
[Result "0-1"]
1.d4 d5
2.Ng1f3 Nb8c6
3.Nb1c3 Ng8f6
4.Bc1g5 Bc8f5
5.a3 e6
6.e3 Bf8d6
7.Bf1d3 Bf5g6
8.e4 Bd6e7
9.e5 Nf6d7
10.Bg5xe7 Qd8xe7
11.O-O O-O-O
12.b4 Bg6h5
13.Bd3e2 f6
14.exf6 Nd7xf6
15.Rf1e1 h6
16.b5 Nc6a5
17.Nf3e5 Bh5xe2
18.Qd1xe2 Qe7e8
19.Ne5d3 Na5c4
20.Qe2xe6 Qe8xe6
21.Re1xe6 Nc4d2
22.f3 Rh8f8
23.Re6e7 g5
24.Nd3c5 h5
25.Nc5e6 Rf8e8
26.Re7xc7 Kb8
27.Ne6xd8 Kxc7
28.Nd8f7 Nd2c4
29.Nf7xg5 Nc4e3
30.Ra1c1 h4
31.Kf2 Ne3f5
32.Rc1d1 Re8e3
33.Nc3b1 Re3e7
34.Rd1d3 Kd6
35.Nb1c3 Nf6h5
36.Nc3e2 Re7c7
37.Rd3d2 Rc7c4
38.c3 Kc7
39.g4 hxg3
40.hxg3 Nf5d6
41.Ng5e6 Kb6
42.Ne6c5 Kxb5
43.Rd2b2 Kc6
44.g4 Nh5g7
45.Kg3 b6
46.Nc5a6 Rc4a4
47.Na6b4 Kb5
48.Nb4xd5 Kc4
49.Ne2f4 Nd6b5
50.Rb2xb5 Kxb5
51.g5 Ra4xa3
52.Kg4 a5
53.g6 a4
54.Nf4e2 Ra3a1
55.Kg5 a3
56.Nd5b4 a2
57.d5 Kc5
58.Kf6 Ng7h5
59.Kg5 Nh5g7
60.Kf6 Ng7h5
61.Kg5 Ra1e1
62.Nb4xa2 Re1xe2
63.Kxh5 Re2h2
64.Kg5 Rh2xa2
65.g7 b5
66.g8Q Ra2g2
67.Kf4 Rg2xg8
{ abandon }0-1

[Event "Eq:Les Gens du Sud-LES CHATTERBOX :"]
[Site "www.echecsemail.com"]
[Date "2026.01.03"]
[Round "1"]
[White "Pitouwb"]
[Black "Emmanuel69"]
[WhiteElo "1710"]
[BlackElo "1780"]
[Result "0-1"]
1.e4 c6
2.c3 d5
3.e5 Bc8f5
4.d4 e6
5.Ng1f3 Bf5xb1
6.Ra1xb1 Ng8e7
7.Bc1g5 h6
8.Bg5h4 g5
9.Bh4g3 Bf8g7
10.Bf1d3 Nb8d7
11.Qd1b3 Qd8c7
12.h3 Nd7b6
13.O-O O-O-O
14.Qb3a3 Kb8
15.b3 Ka8
16.c4 Bg7f8
17.c5 Nb6c8
18.b4 Kb8
19.b5 cxb5
20.Rb1xb5 Ne7c6
21.Rf1b1 b6
 { temps }0-1

[Event "Tournoi n27247"]
[Site "www.echecsemail.com"]
[Date "2026.01.03"]
[Round "1"]
[White "Quasar999"]
[Black "Kawa750"]
[WhiteElo "2000"]
[BlackElo "1800"]
[Result "1-0"]
1.f4 c5
2.e4 e6
3.Ng1f3 Nb8c6
4.g3 Ng8f6
5.d3 d5
6.e5 Nf6d7
7.Bf1g2 Bf8e7
8.O-O O-O
9.Kh1 Ra8b8
10.a3 Nc6d4
11.Nf3xd4 cxd4
12.Nb1d2 Be7c5
13.Nd2f3 a6
14.Qd1e1 Rf8e8
15.Bc1d2 f6
16.g4 Qd8c7
17.Qe1f2 b5
18.Qf2h4 fxe5
19.Nf3xe5 Nd7xe5
20.fxe5 Qc7xe5
21.Bd2f4 Qe5e2
22.Bf4xb8  { temps }1-0

[Event "Coupe Niveau 3"]
[Site "www.echecsemail.com"]
[Date "2026.01.03"]
[Round "1"]
[White "Jerem51"]
[Black "Patau"]
[WhiteElo "2129"]
[BlackElo "1690"]
[Result "1-0"]
1.d4 f5
2.Bc1f4 g6
3.Nb1c3 Bf8g7
4.e3 Ng8f6
5.Bf1c4 d5
6.Bc4e2 O-O
7.h4 c5
8.Nc3b5 Nb8a6
9.c3 cxd4
10.exd4 Bc8d7
11.a4 Bd7xb5
12.axb5 Na6c7
13.h5 Nf6e4
14.Qd1c1 Nc7e6
15.Ng1f3 Qd8b6
16.hxg6 hxg6
17.Be2d3 Ne6xf4
18.Qc1xf4 Ra8c8
19.Qf4h4 Qb6e6
20.Qh4h7 Kf7
21.Nf3e5 Ke8
22.Qh7xg7 Qe6f6
23.Qg7h6 Kd8
24.Qh6xg6 Qf6xg6
25.Ne5xg6 Rf8f7
26.Ng6e5 Kc7
27.Ne5xf7 Rc8g8
28.Bd3xe4 fxe4
29.g3 Rg8g7
30.Nf7e5 { abandon }1-0

[Event "Défi"]
[Site "www.echecsemail.com"]
[Date "2026.01.03"]
[Round "1"]
[White "Malvina"]
[Black "Kerenor"]
[WhiteElo "1290"]
[BlackElo "1580"]
[Result "0-1"]
1.d4 d5
2.Nb1c3 h6
3.e4 dxe4
4.Nc3xe4 Bc8f5
5.Bf1d3 Qd8xd4
6.Ng1f3 Qd4b4
7.c3 Qb4a5
8.b4 Qa5b6
9.Bc1e3 Qb6c6
10.Nf3d4 Qc6d5
11.c4 Qd5d7
12.Nd4xf5 e6
13.Nf5g3 Bf8xb4
14.Be3d2 Bb4e7
15.Qd1f3 Nb8c6
16.O-O Nc6e5
17.Bd3e2 Ne5xf3
18.Be2xf3 Ng8f6
19.Bd2c3 Qd7d3
20.c5 Nf6d5
21.Bc3xg7 Rh8g8
22.Bg7xh6 f5
23.Ra1d1 Qd3b5
24.Bf3e2 Qb5d7
25.Rd1b1 O-O-O
26.Rb1b3 fxe4
27.Ng3xe4 Nd5f6
28.Ne4c3 Be7xc5
29.a4 Qd7c6
30.Be2f3 Nf6d5
31.Nc3b5 a6
32.Nb5c3 Qc6d7
33.Bh6d2 Rg8h8
34.Nc3e4 Bc5d6
35.Bf3e2 Bd6xh2
36.Kh1 Bh2e5
37.Kg1 Nd5f4
38.Bd2xf4 Be5xf4
39.Rf1d1 Qd7h7
40.Rb3h3 Qh7xe4
41.Rd1xd8 Rh8xd8
42.Kf1 Qe4b1
{ abandon }0-1

[Event "Coupe Niveau 4"]
[Site "www.echecsemail.com"]
[Date "2026.01.03"]
[Round "1"]
[White "Carrighir"]
[Black "Alain64"]
[WhiteElo "2110"]
[BlackElo "2130"]
[Result "0-1"]
1.e4 c5
2.d4 cxd4
3.c3 e5
4.f4 Nb8c6
5.Ng1f3 d5
6.exd5 Qd8xd5
7.Bf1e2 Bf8c5
8.c4 Qd5d6
9.Be2d3 exf4
10.O-O Ng8e7
11.Kh1 Bc8g4
12.a3 a5
13.Qd1e1 h6
14.Qe1h4 f5
15.h3 Bg4xf3
16.Rf1xf3 g5
17.Qh4e1 O-O
18.Nb1d2 Ra8e8
19.Nd2b3 Nc6e5
20.Nb3xc5 Ne5xf3
21.Qe1xa5 Ne7c6
{ abandon }0-1

[Event "MI6B"]
[Site "www.echecsemail.com"]
[Date "2026.01.03"]
[Round "1"]
[White "Alizarine"]
[Black "Emmanuel"]
[WhiteElo "2530"]
[BlackElo "1930"]
[Result "1-0"]
1.Ng1f3 Ng8f6
2.g3 g6
3.Bf1g2 Bf8g7
4.O-O O-O
5.d4 d6
6.c4 c5
7.d5 e6
8.dxe6 fxe6
9.Nb1c3 a6
10.Bc1g5 Qd8b6
11.b3 Qb6c7
12.h4 h6
13.Bg5xf6 Bg7xf6
14.Ra1c1 Nb8d7
15.Nc3e4 Bf6e7
16.Qd1d3 Rf8f7
17.Rf1d1 Nd7e5
18.Nf3xe5 dxe5
19.Qd3e3 Kg7
20.Rc1c3 Bc8d7
21.Rc3d3 Bd7c6
22.Bg2h3 Bc6xe4
23.Qe3xe4 Ra8d8
24.Bh3xe6 Rd8d4
25.Rd3xd4 cxd4
26.Be6xf7 Kxf7
27.Qe4d5 Kg7
28.Rd1d3 Be7f6
29.e3 Qc7c6
30.Qd5xc6 bxc6
31.b4 Kf7
32.exd4 exd4
33.a4 Ke6
34.b5 cxb5
35.axb5 axb5
36.cxb5 Kd5
37.b6 Kc6
38.Rd3b3 Kb7
39.Kf1 Bf6d8
40.Ke2 Bd8xb6
41.Kd3 Kc6
42.Rb3xb6 Kxb6
43.Kxd4 Kc6
44.Ke5 g5
45.f4 gxh4
46.gxh4 Kd7
47.Kf6 Ke8
48.Kg7 { abandon }1-0

[Event "Eq:modesty-Les Gens du Sud :"]
[Site "www.echecsemail.com"]
[Date "2026.01.03"]
[Round "1"]
[White "Sorim"]
[Black "Jetjet91330"]
[WhiteElo "2000"]
[BlackElo "2090"]
[Result "1-0"]
1.e4 e5
2.Ng1f3 Nb8c6
3.Bf1b5 a6
4.Bb5a4 Ng8f6
5.Qd1e2 b5
6.Ba4b3 Bf8e7
7.c3 d6
8.O-O O-O
9.d3 Bc8g4
10.Nb1d2 Rf8e8
11.h3 Bg4h5
12.Rf1d1 Nc6a5
13.Bb3c2 c5
14.Nd2f1 h6
15.Nf1g3 Bh5g6
16.d4 exd4
17.cxd4 c4
18.Bc1d2 Na5c6
19.a3 d5
20.Rd1e1 Be7f8
21.Bd2c3 dxe4
22.Nf3e5 Nc6xd4
23.Bc3xd4 Qd8xd4
24.Ne5xg6 fxg6
25.Ra1b1 Bf8c5
26.b4 Bc5b6
27.Rb1d1 Qd4b2
28.Ng3xe4 Nf6h5
29.Bc2b1 Qb2xe2
30.Re1xe2 Nh5g3
31.Ne4xg3 { abandon }1-0

[Event "VIC LA GARDIOLE"]
[Site "www.echecsemail.com"]
[Date "2026.01.03"]
[Round "1"]
[White "Patau"]
[Black "Qsdmlk"]
[WhiteElo "1660"]
[BlackElo "1550"]
[Result "1-0"]
1.e4 e5
2.Ng1f3 Nb8c6
3.Nb1c3 Ng8f6
4.d4 exd4
5.Nc3d5 Bf8c5
6.Bc1g5 Bc5e7
7.Nd5xe7 Qd8xe7
8.Bf1d3 d5
9.O-O O-O
10.exd5 Nc6b4
11.Nf3xd4 Qe7e5
12.Bg5xf6 Qe5xf6
13.c3 Nb4xd3
14.Qd1xd3 b6
15.Rf1e1 a5
16.Qd3f3 Qf6g6
17.Re1e7 Bc8a6
18.Ra1e1 Ba6b7
19.Re7xc7 Bb7c8
20.Nd4c6 Qg6d6
21.Re1e7 Bc8a6
22.Re7xf7 Rf8xf7
23.Qf3xf7 Kh8
24.Qf7xg7 1-0

[Event "VIC LA GARDIOLE"]
[Site "www.echecsemail.com"]
[Date "2026.01.03"]
[Round "1"]
[White "Woluwe1975"]
[Black "Mindthegap"]
[WhiteElo "1620"]
[BlackElo "1440"]
[Result "1/2-1/2"]
1.e4 e5
2.Ng1f3 Nb8c6
3.Nb1c3 Ng8f6
4.d4 exd4
5.Nc3d5 Nc6b4
6.Nf3xd4 Nb4xd5
7.exd5 Nf6xd5
8.c4 Bf8b4
9.Bc1d2 Qd8f6
10.Nd4b5 Qf6xb2
11.Bd2xb4 Qb2xb4
12.Qd1d2 Qb4xd2
13.Kxd2 Nd5b6
14.Nb5xc7 Kf8
15.Nc7xa8 Nb6xa8
16.c5 h5
17.Bf1c4 Na8c7
18.a4 Rh8h6
19.f4 Rh6f6
20.g3 b5
21.axb5 Bc8b7
22.Rh1e1 g5
23.Ra1xa7 gxf4
24.Ra7xb7 fxg3
25.Rb7xc7 Rf6f2
26.Re1e2 Rf2xe2
27.Bc4xe2 g2
28.Rc7xd7 g1Q
29.c6 Qg1g5
30.Kc2 Qg5c5
31.Kd2 Qc5b4
32.Kd1 Qb4b1
33.Kd2 Qb1b4
{ nul }1/2-1/2

[Event "Tournoi n27336"]
[Site "www.echecsemail.com"]
[Date "2026.01.03"]
[Round "1"]
[White "Tizi"]
[Black "Wenoketo"]
[WhiteElo "1700"]
[BlackElo "1680"]
[Result "1-0"]
1.d4 d5
2.Ng1f3 Ng8f6
3.c4 dxc4
4.Nb1c3 Bc8f5
5.e3 e6
6.Qd1a4 Nb8d7
7.Nf3e5 c6
8.Qa4xc4 Nd7xe5
9.dxe5 Nf6d7
10.e4 Bf5g6
11.Bf1d3 Nd7xe5
12.Qc4a4 Ne5d7
13.O-O Bf8e7
14.Qa4c2 Nd7e5
15.Kh1 O-O
16.f4 Ne5d7
17.g4 h6
18.f5 exf5
19.exf5 Bg6h7
20.Rf1d1 Qd8c7
21.Qc2e2 Be7f6
22.Bc1d2 Ra8e8
23.Nc3e4 Bf6xb2
24.Ra1b1 Bb2e5
25.f6 Be5xf6
26.g5 hxg5
27.Qe2f3 Kh8
28.Qf3h5 g6
29.Qh5h3 Kg7
30.Ne4xf6 Nd7xf6
31.Bd2c3 Re8e6
32.Rd1f1 b6
33.Rf1xf6 Re6xf6
34.Rb1f1 Qc7e7
35.Bc3xf6 { abandon }1-0